000 00496nam a2200193 a 4500
001 1774865107855
003 YourLibrary
005 20260330153907.0
008 260330s2007##################000#0#eng##
020 _a9781843104766
082 0 4 _a362
_bTUF
100 1 _aTufail, John,
_eauthor.
245 1 0 _aRules and Standards :
260 _bJessica Kingsley Publishers,
_c2007.
300 _a54 pages
650 0 _aPsychology.
942 _cENGLISH
040 _aYourLibrary
_beng
_cYourLibrary
999 _c618392
_d618392